00750nam a2200253 a 4500001001300000003000900013005001700022008004100039020001000080082001700090100001600107245002400123260003200147300000900179500003500188505001300223650002300236700001600259902000800275942000700283952009600290952009700386999001300483nice12345678IN_TiNIC20260116011339.0050524s1903 mada grp 000 0 eng  ac10000a181.07bKHA2 aKhan, Khaja aPhilosophy of Islam aMadrasbHogarth Pressc1903 a120p aincludes index and biblioraphy2 aarchives aPhilosophy-Islamic1 aKhan, Khaja bSRS cBK 00104070aHMIbHMId0000-00-00g100.00l0o181.07 KHA2p1620r0000-00-00w2026-01-16yEB 00104070aHMIbHMId0000-00-00g100.00l0o181.07 KHA2p8764r0000-00-00w2026-01-16yARB c727d727